Hoofdsteden het dichtst bij Madrid - Statistieken

Algemene statistieken
  • Deze quiz is 3.404 keer genomen
  • De gemiddelde score is 14 van 20
Antwoorden op de kaart
Antwoorden kleurgecodeerd door een groen-rode schaal op de quizkaart volgens % correct hieronder.
 
Antwoordstatistieken
km Hoofdstad % Correct
1053 Parijs
97%
503 Lissabon
96%
1483 Amsterdam
95%
1363 Rome
95%
1319 Brussel
94%
1265 Londen
91%
1453 Dublin
82%
1153 Bern
80%
991 Monaco
76%
1362 Vaticaanstad
74%
1281 Luxemburg
73%
1385 San Marino
63%
771 Rabat
62%
494 Andorra la Vella
58%
1702 Zagreb
52%
719 Algiers
48%
1271 Tunis
47%
1600 Ljubljana
46%
1297 Vaduz
45%
1668 Valletta
44%
Geen overeenkomende quizzen gevonden
Scoreverdeling
Procent van Mensen met Elke Score
Percentiel versus Aantal Correcte Antwoorden
Uw Scoregeschiedenis
U heeft deze quiz nog niet genomen